<?xml version="1.0" encoding="UTF-8"?>
<collection xmlns:xsi="http://www.w3.org/2001/XMLSchema-instance" xsi:schemaLocation="http://www.loc.gov/MARC21/slim http://www.loc.gov/standards/marcxml/schema/MARC21slim.xsd" xmlns="http://www.loc.gov/MARC21/slim">
 <record>
  <leader>00000ctm a22000003a 4500</leader>
  <controlfield tag="001">UP-99796217612185353</controlfield>
  <controlfield tag="003">Buklod</controlfield>
  <controlfield tag="005">20160727112021.0</controlfield>
  <controlfield tag="006">m     o  j        </controlfield>
  <controlfield tag="007">ta</controlfield>
  <controlfield tag="008">160727s2016    xx     d     r    |||| u|</controlfield>
  <datafield tag="035" ind1=" " ind2=" ">
   <subfield code="a">(iLib)UPD-00257508072</subfield>
  </datafield>
  <datafield tag="040" ind1=" " ind2=" ">
   <subfield code="a">DLS</subfield>
   <subfield code="e">rda</subfield>
  </datafield>
  <datafield tag="041" ind1=" " ind2=" ">
   <subfield code="a">eng</subfield>
  </datafield>
  <datafield tag="090" ind1=" " ind2=" ">
   <subfield code="a">LG 993.5 2016 L4</subfield>
   <subfield code="b">M388</subfield>
  </datafield>
  <datafield tag="100" ind1="1" ind2=" ">
   <subfield code="a">Matuguinas, Dessa S.</subfield>
   <subfield code="e">author.</subfield>
  </datafield>
  <datafield tag="245" ind1="1" ind2="0">
   <subfield code="a">Usefulness evaluation of the metadata schema of the digital asset management system of Pioneer Studios digital archive</subfield>
   <subfield code="c">Dessa S. Matuguinas; Benedict S. Olgado, adviser.</subfield>
  </datafield>
  <datafield tag="264" ind1=" " ind2="1">
   <subfield code="a">Quezon City : School of Library and Information Studies, University of the Philippines Diliman</subfield>
   <subfield code="c">2016.</subfield>
  </datafield>
  <datafield tag="300" ind1=" " ind2=" ">
   <subfield code="a">xi, 62 leaves</subfield>
   <subfield code="b">color illustrations</subfield>
  </datafield>
  <datafield tag="336" ind1=" " ind2=" ">
   <subfield code="a">text</subfield>
   <subfield code="2">rdacontent</subfield>
  </datafield>
  <datafield tag="337" ind1=" " ind2=" ">
   <subfield code="a">unmediated</subfield>
   <subfield code="2">rdamedia</subfield>
  </datafield>
  <datafield tag="338" ind1=" " ind2=" ">
   <subfield code="a">volume</subfield>
   <subfield code="2">rdacarrier</subfield>
  </datafield>
  <datafield tag="502" ind1=" " ind2=" ">
   <subfield code="a">Thesis (Bachelor of Library and Information Science)--University of the Philippines Diliman</subfield>
   <subfield code="d">June 2016.</subfield>
  </datafield>
  <datafield tag="520" ind1="3" ind2=" ">
   <subfield code="a">Metadata plays a huge role in archiving digital images.  The importance of metadata is highlighted in its indispensability within the priced of locating digital images.  Thus the selection of metadata elements to include is highly important.  However, due to a number of different existing standards, choosing useful metadata elements that streamline access is quite difficult.  To determine which metadata elements are useful for searching and retrieval it is vital to know the use-patterns and preference of the would-be users during the process of searching / retrieving digital images. The purpose of this study is to assess metadata elements of the digital asset management system of Pioneer Studios that facilitate the process of searching and retrieval. Due to the nature of their courses, or pursued degrees, that deal, primarily, in photos and images, fine arts and art studies students of UP Diliman are the respondents of this study. According to the results of the survey, artists and art studies students search for artwork images in random manner; this means that the respondents are more prone to use descriptive metadata elements rather than bibliographic metadata elements. Technical metadata, on the other hand, is hardly used.  The results of this research will be used as a foundation for other studies that deal with the streamlining of access to images in the digital image archive of Pioneer studios.  Also, the institution will find the study useful as a basic guide regarding their current collection.  Lastly, the study may be used as basis or preliminary framework, for the creation of a digital archive.</subfield>
  </datafield>
  <datafield tag="650" ind1="1" ind2="0">
   <subfield code="a">Art archives</subfield>
   <subfield code="z">Philippines</subfield>
   <subfield code="z">Quezon City.</subfield>
  </datafield>
  <datafield tag="650" ind1="1" ind2="0">
   <subfield code="a">Metadata.</subfield>
  </datafield>
  <datafield tag="650" ind1="1" ind2="0">
   <subfield code="a">Archives</subfield>
   <subfield code="x">Collection management</subfield>
   <subfield code="z">Philippines</subfield>
   <subfield code="z">Quezon City.</subfield>
  </datafield>
  <datafield tag="700" ind1="1" ind2=" ">
   <subfield code="a">Olgado, Benedict S.</subfield>
   <subfield code="e">adviser.</subfield>
  </datafield>
  <datafield tag="856" ind1=" " ind2=" ">
   <subfield code="u">https://digitalarchives.upd.edu.ph/item/24221</subfield>
  </datafield>
  <datafield tag="905" ind1=" " ind2=" ">
   <subfield code="a">FI</subfield>
  </datafield>
  <datafield tag="905" ind1=" " ind2=" ">
   <subfield code="a">UP</subfield>
  </datafield>
  <datafield tag="852" ind1="0" ind2=" ">
   <subfield code="a">UPD</subfield>
   <subfield code="b">DLS</subfield>
   <subfield code="h">LG 993.5 2016 L4 M388</subfield>
  </datafield>
  <datafield tag="942" ind1=" " ind2=" ">
   <subfield code="a">Thesis</subfield>
  </datafield>
 </record>
</collection>
